| 000 | 00762nam a22002172 4500 | ||
|---|---|---|---|
| 001 | 0000007210 | ||
| 005 | 20151021151112.0 | ||
| 008 | 071130s xx 000 0 eng d | ||
| 020 |
_a9966977287 : _cKES |
||
| 040 |
_aKABU _cKABU |
||
| 245 | 1 | 0 |
_aProtectors of environment : _bmapping and profiling environmental organisations in Kenya. |
| 260 |
_aNairobi : _bHeinrich Boll Foundation, _c2006. |
||
| 300 | _aviii,112 p. | ||
| 591 | _bDonation | ||
| 650 | 0 |
_aEnvironmental services _vDirectories _xSocieties, etc. _zKenya. _@0000158341 |
|
| 908 | _a071130 | ||
| 950 | _@1 | ||
| 999 |
_c700 _d700 |
||